| 000 | 00787nam a2200253Ia 4500 | ||
|---|---|---|---|
| 003 | OSt | ||
| 005 | 20220928112941.0 | ||
| 006 | a|||||r|||| 00| 0 | ||
| 007 | ta | ||
| 008 | 220927b |||||||| |||| 00| 0 hin d | ||
| 020 | _c3000 | ||
| 024 | _a110251 | ||
| 037 |
_b319, 06/01/2011, Vidyanidhi Prakashan _cTextual |
||
| 040 |
_aSDCL _cSDCL _bhin |
||
| 041 |
_2hin _ahin |
||
| 082 | _aQ2xM23x, Q1.1-.3 | ||
| 100 |
_aShastri Gyan Prakash _9407409 |
||
| 245 | 0 | _aDayanand sandarbh kosh.3V. | |
| 260 |
_aDelhi _bParimal Publications _c2011 |
||
| 300 |
_aV1:ix,718;V2:720-1476p;V3:1478-2178p. _ccm. |
||
| 650 |
_aSanskrit _9391587 |
||
| 942 |
_hQ2xM23x, Q1.1-.3 _cTEXL _2CC |
||
| 999 |
_c747277 _d747277 |
||